| 000 | 00386nam a2200145 a 4500 | ||
|---|---|---|---|
| 005 | 20140414132105.0 | ||
| 008 | 100823s19uu xx 00 eng d | ||
| 050 |
_aM 299.51 _bB53 2000 |
||
| 100 | _aBirrell, Anne | ||
| 245 | _aChinese myths. | ||
| 260 |
_aLondon : _bThe British Museum Press, _c2000. |
||
| 440 | _aThe legendary past | ||
| 650 | _aMythology, Chinese | ||
| 999 |
_c114565 _d114565 |
||